Commonwealth Human Rights Law Digest.-2CHRLD166-325, Issue2, Nov1999 (Record no. 4977)
[ view plain ]
| 000 -LEADER | |
|---|---|
| fixed length control field | 00511nam a22001457a 4500 |
| 008 - FIXED-LENGTH DATA ELEMENTS--GENERAL INFORMATION | |
| fixed length control field | 120110t xxu||||| |||| 00| 0 eng d |
| 022 ## - INTERNATIONAL STANDARD SERIAL NUMBER | |
| International Standard Serial Number | 136371669 |
| 082 ## - DEWEY DECIMAL CLASSIFICATION NUMBER | |
| Classification number | 341.4805/COM |
| 245 ## - TITLE STATEMENT | |
| Title | Commonwealth Human Rights Law Digest.-2CHRLD166-325, Issue2, Nov1999 |
| 300 ## - PHYSICAL DESCRIPTION | |
| Extent | xix,325p. |
| 600 ## - SUBJECT ADDED ENTRY--PERSONAL NAME | |
| Personal name | Pool Marie |
| Titles and other words associated with a name | Commonwealth Human rights Law Digest |
| 9 (RLIN) | 6294 |
| 700 ## - ADDED ENTRY--PERSONAL NAME | |
| Personal name | Pool Marie |
| 9 (RLIN) | 6295 |
| 942 ## - ADDED ENTRY ELEMENTS (KOHA) | |
| Source of classification or shelving scheme | Dewey Decimal Classification |
| Item type | Periodicals |
| Withdrawn status | Lost status | Source of classification or shelving scheme | Damaged status | Not for loan | Home library | Current library | Shelving location | Date acquired | Total Checkouts | Full call number | Barcode | Date last seen | Price effective from | Koha item type |
|---|---|---|---|---|---|---|---|---|---|---|---|---|---|---|
| Dewey Decimal Classification | Law Development Centre Main Library | Law Development Centre Main Library | Law Reports | 01/10/2012 | 341.4805/COM | 3360/2012 | 01/10/2012 | 01/10/2012 | Periodicals |
